| 000 | 00622nam a22002057a 4500 | ||
|---|---|---|---|
| 999 |
_c158467 _d158467 |
||
| 005 | 20181030123909.0 | ||
| 010 | _aB-710672 | ||
| 020 |
_a9780670058587 _c395.00 |
||
| 035 | _aB-710672 | ||
| 037 | _bGift | ||
| 082 | _a954.2 | ||
| 100 | _aNarasimha Rao, P.V. | ||
| 245 |
_aAyodhya 6 December 1992 / _cP.V. Narasimha Rao |
||
| 260 |
_aNew Delhi _bPenguin Group _c2006 |
||
| 270 |
_a11 Community Centre, Panchsheel Park _bNew Delhi _e110017 |
||
| 300 |
_a317p. _c21cm (pbk) |
||
| 500 | _aincludes index | ||
| 942 |
_2ddc _cEN _h954.2 _mNAR |
||